banner-ar

اللسانيات و الرواية / (Record no. 60364)

MARC details
000 -الفاتح
حقل البيانات ثابتة الطول 00789nam a22002177a 4500
005 - وقت وتاريخ اخر تعامل مع التسجيلة
رقم الضبط 20240530110406.0
008 - عناصر البيانات ثابتة الطول - معلومات عامة
حقل البيانات ثابتة الطول 150203s2009 ua g 000 0 ara d
017 ## - رقم الايداع القانونى
رقم الايداع القانونى 2008/24485
المصدر ( الهيئة المختصة) مصر . دار الكتب المصرية
020 ## - الرقم الدولى المعيارى للكتب
الرقم الدولى المعيارى للكتاب 9773682498
040 ## - مصدر الفهرسة
وكالة الفهرسة الأصلية EG-CaGPL
041 1# - رمز اللغة
رمز لغة النص/ المسارات الصوتية أو العنوان الانفرادي ara
رمز لغة الترجمات و/او الاصلية المتوسطة للنص eng
082 04 - رقم تصنيف ديوى العشرى
رقم الطبعة 21
رقم التصنيف 823.009\
رقم المادة ف ل
100 1# - المدخل الرئيسى - إسم شخصى
الإسم الشخصى فاولر ، روجر
245 12 - بيان العنوان
العنوان اللسانيات و الرواية /
بيان المسئوليه,etc روجر فاولر ؛ ترجمة احمد صبرة
260 ## - PUBLICATION, DISTRIBUTION, ETC. (IMPRINT)
تاريخ النشر أو التوزيع 2009
300 ## - الوصف المادى
التعداد 227 ص ؛
أبعاد الوعاء 24 سم
650 04 - المدخل الاضافى بالموضوع-مصطلح موضوعى
مصطلح موضوعي القصص
التقسيم الفرعي العام تاريخ و نقد
700 0# - المدخل الاضافى - اسم شخصى
الإسم الشخصى احمد صبرة
الدور مترجم
942 ## - عناصر المدخل الإضافي( كوها)
مصدر التصنيف او مخطط الترفيف Dewey Decimal Classification
Koha [default] item type كتاب
260 ## - PUBLICATION, DISTRIBUTION, ETC. (IMPRINT)
-- الاسكندرية :
-- مؤسسة حورس الدولية للنشر و التوزيع ،
Holdings
حالة التراجع حالة الفقد حالة تلف ليس للاعارة المكان المؤقت الموقع الحالى تاريخ الاكتساب اجمالي اﻻعارات رقم الطلب الباركود تاريخ اخر مشاهدة تاريخ تفعيل السعر نوع وعاء كوها
        مكتبة القاهرة الكبرى مكتبة القاهرة الكبرى 02/03/2015   823.009\ ف ل 159392 02/03/2015 02/03/2015 كتاب

Powered By

EGPV